| 000 | 01058nam a22002657a 4500 | ||
|---|---|---|---|
| 001 | BD-DhSAU 8840 | ||
| 003 | BD-DhSAU | ||
| 005 | 20181210113617.0 | ||
| 008 | 150420b2008 bg ||||| m||| 00| 0 eng d | ||
| 040 | _aBD-DhSAU | ||
| 082 |
_222 _a581 _bSh232 |
||
| 100 |
_eRegistration # 03-01099 _aSharifuzzaman, Md. |
||
| 245 |
_aStudy on growth and dry matter partitioning in groundnut genotypes / _bMS thesis _cMd. Sharifuzzaman |
||
| 260 |
_aSher-e-Bangla Agricultural University : _bDepartment of Agricultural Botany, _c2008. |
||
| 300 |
_avii, 47 p. : _c30 cm. _bill. ; |
||
| 500 | _aMS thesis of Department of Agricultural Botany, Faculty of Agriculture, Sher-e-Bangla Agricultural University, Dhaka | ||
| 504 | _aIncludes bibliographical reference. | ||
| 590 | _aJerin | ||
| 650 | _aAgricultural Botany | ||
| 650 | _a groundnut | ||
| 700 |
_aMondal, M. monjurul Alam _eSuperviser |
||
| 700 |
_aAhamed, Kamal Uddin _eCo-superviser |
||
| 856 | _uhttp://archive.saulibrary.edu.bd:8080/xmlui/handle/123456789/323 | ||
| 942 |
_2ddc _cTHESIS |
||
| 999 |
_c8840 _d8840 |
||